<?xml version="1.0" encoding="UTF-8"?>
<record
    xmlns:xsi="http://www.w3.org/2001/XMLSchema-instance"
    xsi:schemaLocation="http://www.loc.gov/MARC21/slim http://www.loc.gov/standards/marcxml/schema/MARC21slim.xsd"
    xmlns="http://www.loc.gov/MARC21/slim">

  <leader>02122nam a2200289Ia 4500</leader>
  <controlfield tag="001">G7536</controlfield>
  <controlfield tag="003">IT-RoPAU</controlfield>
  <controlfield tag="008">130308s9999    xx            000 0 und d</controlfield>
  <datafield tag="040" ind1=" " ind2=" ">
    <subfield code="a">IT-RoPAU</subfield>
  </datafield>
  <datafield tag="040" ind1=" " ind2=" ">
    <subfield code="c">IT-RoPAU</subfield>
  </datafield>
  <datafield tag="041" ind1=" " ind2=" ">
    <subfield code="a">ITALIANO</subfield>
  </datafield>
  <datafield tag="100" ind1=" " ind2=" ">
    <subfield code="a">Boggia Raimondo</subfield>
  </datafield>
  <datafield tag="100" ind1=" " ind2=" ">
    <subfield code="g">Codice Aut. SPICS: 55643</subfield>
  </datafield>
  <datafield tag="245" ind1=" " ind2=" ">
    <subfield code="a">Mondovisione: breve storia di futuri possibili</subfield>
  </datafield>
  <datafield tag="245" ind1=" " ind2=" ">
    <subfield code="b">Mondovisione: breve storia di futuri Possibili</subfield>
  </datafield>
  <datafield tag="250" ind1=" " ind2=" ">
    <subfield code="a">1a ed.</subfield>
  </datafield>
  <datafield tag="260" ind1=" " ind2=" ">
    <subfield code="a">MILANO</subfield>
  </datafield>
  <datafield tag="260" ind1=" " ind2=" ">
    <subfield code="b">Parole Di Cotone</subfield>
  </datafield>
  <datafield tag="260" ind1=" " ind2=" ">
    <subfield code="c">2001 [1&#xB0; Ed.:2001 - Ed.Ling.Originale:2001]</subfield>
  </datafield>
  <datafield tag="300" ind1=" " ind2=" ">
    <subfield code="a">"252 p. (prefazione: no ; testo: 252 [pagine: 0-0])"</subfield>
  </datafield>
  <datafield tag="500" ind1=" " ind2=" ">
    <subfield code="a">"Osservare con Metodo (Fotografia o Film della Realta'?): Eventi, Cicli, Mutamento Strutturale. Storia del Futuro: scenario Thinking e Planning, Progettare Il Futuro. Velocit&#xE0; del cambiamento senza Precedenti: Codice Binario, Microchip, Internet, Dalla Ruota al Silicio. Globo Sempre Piu' Piccolo e relazioni Sempre Piu' Rapide: Visione per Il Nuovo Mondo Nuovo; Ner Economye New Economy; tutto Bene sotto la Superficie e tutto Male in Superficie: Mortalit&#xE0; Infantile, Schiavitu', Alfabetizzazione, forza Lavoro; Velocita'Del Male; Chi &#xE8; Disposto a Scambiare Privacy con Sicurezza? Oltre le nuove colonne D'Ercole: Opportunit&#xE0; D'Imparare e Paura di Perdere; Globalizzazione; Standardizzazione; governance Planetaria; Riprogettare la Scuola Subito; Riprogettare L'Assistenza. internet &#xE8; la Nuova Polis, No la Nuova Tv: Interattivit&#xE0;, Ipertesto, Links, Many to One, Dinosauro e Sguardi al Passato, integrazione e Convergenza, Nuovi Filtri. Nuovo Business: la learning Organization: Azienda Corta e Tempi Lunghi; Creazione della Domanda; Formazione a Distanza; Trasparenza, Ossessione e Opportunit&#xE0;. marca e Comunit&#xE0; Aperte di interessi Condivisi: Fedelt&#xE0; a marca e Cliente; Grande Malinteso:Misurare l'audience in Rete; Attenzione interesse Desiderio Acquisto; marca Connessa. Storia del Computer. Bibliografia. Webliografia."</subfield>
  </datafield>
  <datafield tag="650" ind1=" " ind2=" ">
    <subfield code="a">SAGGI SULLA MULTIMEDIALITA'</subfield>
  </datafield>
  <datafield tag="650" ind1=" " ind2=" ">
    <subfield code="e">Codice materia Spics: 4257</subfield>
  </datafield>
  <datafield tag="942" ind1=" " ind2=" ">
    <subfield code="c">BK</subfield>
  </datafield>
  <datafield tag="957" ind1=" " ind2=" ">
    <subfield code="7">1</subfield>
  </datafield>
  <datafield tag="999" ind1=" " ind2=" ">
    <subfield code="c">90209</subfield>
    <subfield code="d">90209</subfield>
  </datafield>
  <datafield tag="999" ind1=" " ind2=" ">
    <subfield code="g">1</subfield>
  </datafield>
  <datafield tag="952" ind1=" " ind2=" ">
    <subfield code="0">0</subfield>
    <subfield code="1">0</subfield>
    <subfield code="4">0</subfield>
    <subfield code="6">G_000000000000000_7536</subfield>
    <subfield code="7">1</subfield>
    <subfield code="a">SPICS</subfield>
    <subfield code="b">SPICS</subfield>
    <subfield code="d">2013-03-08</subfield>
    <subfield code="l">0</subfield>
    <subfield code="o">G7536</subfield>
    <subfield code="r">2013-03-08 00:00:00</subfield>
    <subfield code="w">2013-03-08</subfield>
    <subfield code="y">BK</subfield>
    <subfield code="z">Progressivo inserimento:  20054 /  N. Volumi: 1 Copie: 1  / data import: 1 marzo 2013 - By Epidotti, Trombetti, Vaglietti. </subfield>
  </datafield>
</record>
